Teen World : (Record no. 586430)

MARC details
000 -LEADER
fixed length control field 00466nam a2200193 a 4500
008 - FIXED-LENGTH DATA ELEMENTS--GENERAL INFORMATION
fixed length control field 250910s2009##################000#0#eng##
020 ## - INTERNATIONAL STANDARD BOOK NUMBER
ISBN 9780521721554
082 04 - DEWEY DECIMAL CLASSIFICATION NUMBER
Classification number 790.1
Item number BUD
100 1# - MAIN ENTRY--AUTHOR NAME
Personal name Budden, Joanna,
245 10 - TITLE STATEMENT
Title Teen World :
260 ## - PUBLICATION, DISTRIBUTION, ETC. (IMPRINT)
Name of publisher Cambridge University Press,
Year of publication 2009.
300 ## - PHYSICAL DESCRIPTION
Number of Pages 113 pages
650 #0 - SUBJECT ADDED ENTRY--TOPICAL TERM
Topical Term Education.
942 ## - ADDED ENTRY ELEMENTS (KOHA)
Koha item type English Books
Holdings
Withdrawn status Lost status Damaged status Not for loan Home library Current library Shelving location Date acquired Full call number Accession Number Price effective from Koha item type
        Anna Centenary Library Anna Centenary Library 6TH FLOOR, B WING 10.09.2025 790.1 BUD 98469 10.09.2025 English Books

Find us on the map